Didaktická technika pro učitele

Gespeichert in:
Bibliographische Detailangaben
1. Verfasser: Hlavatý, Josef, 1941-
Format: Buch
Sprache:Tschechisch
Veröffentlicht: Praha Vydavatelství VŠCHT v Praze 2002
Ausgabe:1. vyd.
Schlagworte:
Online-Zugang:Im OPAC anzeigen
Tags: Tag hinzufügen
Keine Tags, Fügen Sie das erste Tag hinzu!

MARC

LEADER 00000nam a2200000 a 4500
005 20260127134242.0
008 180530 2002 xr 000 0 cze d
020 |a 8070804793  |q (brož.) 
035 |a vtls008690519 
039 9 |a 201805301400  |b VLOAD  |c 201404021052  |d msvkpo26  |y 200604121208  |z mschk03 
040 |a STUSCHK1  |b slo  |c STUSCHK1  |e AACR2 
044 |a xr 
072 7 |a 371  |x Školstvo (organizácia)  |2 konspekt 
080 |a 371.68/.69  |2 2001 
080 |a 32.02(075.8) 
100 1 |a Hlavatý, Josef,  |d 1941- 
245 1 |a Didaktická technika pro učitele  |c Josef Hlavatý 
250 |a 1. vyd. 
260 |a Praha  |b Vydavatelství VŠCHT v Praze  |c 2002 
300 |a 119 s. 
500 |a Dotlač 1. vyd. 2011 
650 0 |a didaktická technika  |2 SNKPH 
655 7 |a učebnice vysokých škôl  |2 SNKPH 
910 |a SCHK95 
919 |a 80-7080-479-3 
999 |c 7901  |d 7901